• 首页
  • 本馆介绍
  • 公告通知
  • 最新文献
  • 馆藏检索
  • 电子资源
  • 读者导购
  • 参考咨询
  • 我的图书馆
  • 登录
  • 详细信息显示
  • 放入我的书架
  • 预约/预借图书
  • 作者相关作品
  • 分类相关作品
  • 丛书相关作品
  • 出版社相关作品

书目信息

  • 表格格式
  • 工作单格式
  • 卡片格式
题名:
非线性科学的理论方法和应用
    
 
作者: 祖元刚 , 冯长根 , 李后强 主编
分册:  
出版信息: 北京   科学出版社  1997
页数: 241
开本: 26cm
丛书名:
单 册:
中图分类: N93
科图分类:
主题词: 自然科学
电子资源:
ISBN: 7-03-005746-5
000 00682nam0 2200205 450
001 0754114953
005 20070929150154.95
010    @a7-03-005746-5@b精装
100    @a20070929d km y0chiy0120 ea
101 0  @achi
200 1  @a非线性科学的理论方法和应用@Afei xian xing ke xue de li lun fang fa he ying yong@f冯长根,李后强,祖元刚 主编@Ffeng chang gen,li hou qiang,zu yuan gang zhu bian
210    @a北京@c科学出版社@d1997
215    @a241@c插图@d26cm
606 0  @a自然科学
690    @aN93@v3
701  0 @a祖元刚@Azu yuan gang@4主编
701  0 @a冯长根@Afeng chang gen@4主编
701  0 @a李后强@Ali hou qiang@4主编
801  0 @aCN@bPFT@c20070929
905    @a213230@dN93@eh15@f1
    
    非线性科学的理论方法和应用/冯长根,李后强,祖元刚 主编.-北京:科学出版社,1997
    241:插图;26cm
    
    
    ISBN 7-03-005746-5(精装):
    
●
相关链接 在E读中查询图书 在五车中查询图书 在当当中查询图书 在豆瓣中查询图书


正题名:非线性科学的理论方法和应用     索取号:N93/h15         预约/预借

序号 登录号 条形码 馆藏地/架位号 状态 备注
1 6001355   260013559   密集书库-化学系/ [索取号:N93/h15] 在馆    
2 6001356   260013568   密集书库-化学系/ [索取号:N93/h15] 在馆    
唐山师范学院图书馆 欢迎您!
大连网信软件有限公司© 版权所有